Breaking the link between economic growth and environmental pollution. (Record no. 73468)

MARC details
000 -LEADER
fixed length control field 01434cam a2200229 4500
001 - CONTROL NUMBER
control field WB3936-06
008 - FIXED-LENGTH DATA ELEMENTS--GENERAL INFORMATION
fixed length control field 030925n2003 000 0 eng u
035 ## - SYSTEM CONTROL NUMBER
System control number (Sirsi) u123732
245 ## - TITLE STATEMENT
Title Breaking the link between economic growth and environmental pollution.
260 ## - PUBLICATION, DISTRIBUTION, ETC.
Date of publication, distribution, etc. 2003
490 ## - SERIES STATEMENT
Series statement DEFRA News Release
Volume/sequential designation (397/03) 25 September 2003 (3)
520 ## - SUMMARY, ETC.
Summary, etc. A joint discussion document launched by DEFRA and DTI is the starting point for the government's long-term programme to deliver commitments made at the World Summit on Sustainable Development in 2002. "Changing patterns: UK government framework for sustainable consumption and production" proposes breaking the link between economic growth and environmental pollution, optimising resource usage, focusing on areas where environmental damage is greatest, considering the whole life-cycle of a product, increasing consumer product and service information and government use of a range of tools to stimulate innovation and investment in cleaner technology. The framework document is available at http://www.defra.gov.uk/environment/business/scp/. http://www.defra.gov.uk/news/2003/030925a.htm
590 ## - LOCAL NOTE (RLIN)
Local note WB
650 ## - SUBJECT ADDED ENTRY--TOPICAL TERM
Topical term or geographic name entry element ENVIRONMENTAL POLLUTION
650 ## - SUBJECT ADDED ENTRY--TOPICAL TERM
Topical term or geographic name entry element ECONOMIC GROWTH
650 ## - SUBJECT ADDED ENTRY--TOPICAL TERM
Topical term or geographic name entry element PRODUCT LIFE CYCLES
650 ## - SUBJECT ADDED ENTRY--TOPICAL TERM
Topical term or geographic name entry element CONSUMER PROTECTION
650 ## - SUBJECT ADDED ENTRY--TOPICAL TERM
Topical term or geographic name entry element ENVIRONMENTAL DAMAGE
650 ## - SUBJECT ADDED ENTRY--TOPICAL TERM
Topical term or geographic name entry element CLEAN TECHNOLOGY
690 ## - LOCAL SUBJECT ADDED ENTRY--TOPICAL TERM (OCLC, RLIN)
Topical term or geographic name as entry element DEVELOPMENT-SUSTAINABLE
942 ## - ADDED ENTRY ELEMENTS (KOHA)
Suppress in OPAC 0
Holdings
Withdrawn status Lost status Source of classification or shelving scheme Damaged status Not for loan Home library Current library Shelving location Date acquired Total Checkouts Full call number Barcode Date last seen Copy number Price effective from Koha item type
    Dewey Decimal Classification     London London News article 25/09/2003   WB3936-06 123732-1001 06/08/2019 1 06/08/2019 News article